<?xml version="1.0" encoding="UTF-8"?>
<marc:record xmlns:marc="http://www.loc.gov/MARC21/slim">
   <marc:leader>00000nam a2200000 a 4500</marc:leader>
   <marc:datafield ind1="1" ind2=" " tag="100">
      <marc:subfield code="a">Parzefall, Edith</marc:subfield>
      <marc:subfield code="4">aut</marc:subfield>
      <marc:subfield code="e">Verfasser/-in</marc:subfield>
   </marc:datafield>
   <marc:datafield ind1=" " ind2=" " tag="653">
      <marc:subfield code="a">Fiktionale Darstellung</marc:subfield>
   </marc:datafield>
   <marc:datafield ind1=" " ind2=" " tag="653">
      <marc:subfield code="a">Historische Kriminalromane</marc:subfield>
   </marc:datafield>
   <marc:datafield ind1="0" ind2="0" tag="245">
      <marc:subfield code="a">Meister Frantz und der Fluch der Blutrubine</marc:subfield>
   </marc:datafield>
   <marc:datafield ind1="0" ind2="0" tag="245">
      <marc:subfield code="c">von Edith Parzefall</marc:subfield>
   </marc:datafield>
   <marc:datafield ind1=" " ind2="1" tag="264">
      <marc:subfield code="a">Nürnberg</marc:subfield>
      <marc:subfield code="b">Edith Parzefall</marc:subfield>
   </marc:datafield>
   <marc:datafield ind1="1" ind2=" " tag="490">
      <marc:subfield code="a">Der Henker von Nürnberg / Edith Parzefall</marc:subfield>
      <marc:subfield code="v">3</marc:subfield>
   </marc:datafield>
   <marc:datafield ind1="1" ind2=" " tag="520">
      <marc:subfield code="a">Angaben aus der Verlagsmeldung

Meister Frantz und der Fluch der Blutrubine : Henker von Nürnberg, Band 3 / von Edith Parzefall

Freie Reichsstadt Nürnberg 1582: Meister Frantz wird von Kathi Leinfelderin zu einem Fall von Notzucht gerufen, jedoch nicht als Henker, sondern als verschwiegener Heiler – eine Situation, die ihm großes Unbehagen bereitet. Clara, die vierzehnjährige Magd eines Bortenwirkers, will keinesfalls Anzeige erstatten. Außerdem steht Ostern vor der Tür, und die Schöffen sind vor allem mit einem beschäftigt: der Wahl des Kleinen Rats. Trotz all dieser Hindernisse kann Frantz nicht zulassen, dass der Täter weiter sein Unwesen treibt. Mit Kathis Hilfe versucht er, die junge Maid zum Sprechen zu bringen und herauszufinden, wen sie schützt. Etwa den Goldschmied, der um die Bortenwirkerei herumschleicht?
</marc:subfield>
   </marc:datafield>
   <marc:datafield ind1=" " ind2=" " tag="020">
      <marc:subfield code="a">9781544117935</marc:subfield>
      <marc:subfield code="9">9781544117935</marc:subfield>
   </marc:datafield>
   <marc:datafield ind1=" " ind2=" " tag="041">
      <marc:subfield code="a">ger</marc:subfield>
   </marc:datafield>
   <marc:datafield ind1=" " ind2=" " tag="300">
      <marc:subfield code="a">216 Seiten</marc:subfield>
   </marc:datafield>
</marc:record>
